| 000 | 00542nam a2200181 4500 | ||
|---|---|---|---|
| 001 | 114140 | ||
| 003 | ES-MaACL | ||
| 007 | t| | ||
| 008 | 061121s1986 sp r ||||1| spa d | ||
| 100 | 1 |
_aPalomeque López, Manuel Carlos. _988687 |
|
| 245 | 1 | 0 |
_aDerecho sindical español / _cManuel-Carlos Palomeque López. |
| 260 |
_aMadrid : _bTecnos, _c1986. |
||
| 300 |
_a318 p. ; _c24 cm. |
||
| 490 | 1 | _aBiblioteca universitaria | |
| 830 | 0 |
_aBiblioteca universitaria _9177461 |
|
| 852 |
_aES-MaACL _jG-13320 _bR.114596 |
||
| 999 |
_c114140 _d114140 |
||